00255nam a2200109Ia 4500008004100000100001500041245001700056260003600073650001200109942000700121999001700128190216s9999||||xx |||||||||||||| ||und|| aRen Warner 0aMen And Gods bHeinemann Educational Books Ltd aEnglish cBK c12425d12425